| 000 | 01767nam a2200349 i 4500 | ||
|---|---|---|---|
| 999 |
_c520 _d520 |
||
| 001 | 020844369 | ||
| 003 | UkOxU | ||
| 005 | 20190820082027.0 | ||
| 008 | 161207s2017 enk 000 1 eng d | ||
| 010 | _a2017392158 | ||
| 015 |
_aGBB716851 _2bnb |
||
| 016 | 7 |
_a018213781 _2Uk |
|
| 020 | _a9780330463539 | ||
| 035 | _a(Uk)018213781 | ||
| 040 |
_aStDuBDS _beng _erda _cStDuBDS _dUk _dUkOxU |
||
| 042 | _aukblcatcopy | ||
| 082 | 0 | 4 |
_aFIC DOC _223 |
| 100 | 1 |
_aDocx, Edward, _eauthor. |
|
| 245 | 1 | 0 |
_aLet go my hand / _cEdward Docx. |
| 264 | 1 |
_aLondon : _bPicador, _c2018. |
|
| 300 |
_a416 pages ; _c20 cm |
||
| 336 |
_atext _2rdacontent |
||
| 337 |
_aunmediated _2rdamedia |
||
| 338 |
_avolume _2rdacarrier |
||
| 500 |
_aFormerly CIP. _5Uk |
||
| 520 | _aLouis Lasker loves his family dearly - apart from when he doesn't. There's a lot of history. His father's marriages, his mother's death; one brother in exile, another in denial; everything said, everything unsaid. And now his father (the best of men, the worst of men) has taken a decision which will affect them all and has asked his three sons to join him on one final journey across Europe. But Louis is far from sure that this trip is a good idea. His older half-brothers are wonderful, terrible, troublesome people. And they're as suspicious as they are supportive ... because the truth is that they've never forgiven their father for the damaging secrets and corrosive lies of his past. So how much does Louis love his dad - to death? Or can this flawed family's bond prove powerful enough to keep a dying man alive? | ||
| 530 | _aAlso issued online. | ||
| 650 | 0 |
_aFathers and sons _vFiction. |
|
| 776 | 0 | 8 |
_iebook version : _z9781447281771 |
| 942 |
_2ddc _cFIC |
||